Подробности
| 000 -МАРКЕР |
| контрольное поле |
02094nam0a2200385 4500 |
| 001 - ИДЕНТИФИКАТОР ЗАПИСИ |
| контрольное поле |
RU\NLR\BIBL_A\010528077 |
| 005 - ИДЕНТИФИКАТОР ВЕРСИИ |
| контрольное поле |
20260406134745.0 |
| 035 ## - ДРУГИЕ СИСТЕМНЫЕ НОМЕРА |
| Идентификатор записи |
(NLR Aleph) 010528077 |
| 100 ## - ДАННЫЕ ОБЩЕЙ ОБРАБОТКИ |
| Данные общей обработки |
20141112d2009 |||y0rusy50 ca |
| 101 1# - ЯЗЫК РЕСУРСА |
| Язык текста, звукозаписи и т.д. |
русский |
| -- |
английский |
| -- |
абхазский |
| Язык оригинала |
абхазский |
| 102 ## - СТРАНА ПУБЛИКАЦИИ ИЛИ ПРОИЗВОДСТВА |
| Страна публикации |
Российская Федерация |
| 105 ## - ПОЛЕ КОДИРОВАННЫХ ДАННЫХ: ТЕКСТОВЫЕ МАТЕРИАЛЫ, МОНОГРАФИЧЕСКИЕ |
| Кодированные данные о монографическом текстовом документе |
a z 000ay |
| 200 1# - ЗАГЛАВИЕ И СВЕДЕНИЯ ОБ ОТВЕТСТВЕННОСТИ |
| Основное заглавие |
Абхазский фольклор |
| Параллельное заглавие |
Abkhazian folklore |
| -- |
Аҧсуа фольклор |
| Первые сведения об ответственности |
Абхаз. гос. ун-т, Обществ. фонд науки |
| Последующие сведения об ответственности |
авт.-сост. Олег Шамба, Игорь Хварцкия |
| -- |
пер. Роджер Джесси |
| -- |
ил. Е. и М. Белецких |
| Язык параллельного заглавия |
английский |
| -- |
абхазский |
| 210 ## - ПУБЛИКАЦИЯ, РАСПРОСТРАНЕНИЕ И ДР. |
| Место издания, распространения и т.д. |
Сухум |
| Имя издателя, распространителя и т. д. |
Абхаз. гос. ун-т |
| Дата издания, распространения и т.д. |
2009 |
| 215 ## - ФИЗИЧЕСКАЯ ХАРАКТЕРИСТИКА |
| Специфическое обозначение материала и объем |
83 с. |
| Другие сведения о физической характеристике |
ил., цв. ил. |
| Размеры |
20 |
| 300 ## - ОБЩИЕ ПРИМЕЧАНИЯ |
| Текст примечания |
Загл. обл.: Abkhazian folklore in Russian English Abkhazian |
| 300 ## - ОБЩИЕ ПРИМЕЧАНИЯ |
| Текст примечания |
Текст парал. на рус., англ. и абхаз. яз. |
| 327 1# - ПРИМЕЧАНИЯ О СОДЕРЖАНИИ |
| Текст примечания |
Содерж.: Разделы: Героические сказания о нартах; Мифы об Абрскиле; Ажвейпш и сова; Легенда о Рице; Пословицы |
| 510 1# - ПАРАЛЛЕЛЬНОЕ ЗАГЛАВИЕ |
| Параллельное заглавие |
Abkhazian folklore |
| Язык заглавия |
английский |
| 510 1# - ПАРАЛЛЕЛЬНОЕ ЗАГЛАВИЕ |
| Параллельное заглавие |
Аҧсуа фольклор |
| Язык заглавия |
абхазский |
| 512 1# - ЗАГЛАВИЕ ОБЛОЖКИ |
| Заглавие обложки |
Abkhazian folklore in Russian English Abkhazian |
| Язык заглавия |
английский |
| 606 1# - НАИМЕНОВАНИЕ ТЕМЫ КАК ПРЕДМЕТ |
| Наименование темы |
Абхазский фольклор |
| Системный номер авторитетной/нормативной записи |
1077354 |
| Идентификатор авторитетной/нормативной записи |
RU\NLR\AUTH\66101825 |
| 686 1# - ИНДЕКСЫ ДРУГИХ КЛАССИФИКАЦИЙ |
| Индекс |
Ш3(247=Аб)-6я43 |
| 702 #1 - ИМЯ ЛИЦА - ВТОРИЧНАЯ ОТВЕТСТВЕННОСТЬ |
| Начальный элемент ввода |
Джесси |
| Часть имени, кроме начального элемента ввода |
Р. |
| Расширение инициалов личного имени |
Роджер |
| Код отношения |
Переводчик |
| 702 #1 - ИМЯ ЛИЦА - ВТОРИЧНАЯ ОТВЕТСТВЕННОСТЬ |
| Код отношения |
Составитель |
| Графика поля |
Кириллица |
| Материалы, к которым относится поле |
rus |
| Начальный элемент ввода |
Шамба |
| Часть имени, кроме начального элемента ввода |
О.Б. |
| Дополнения к именам, кроме дат |
канд. экон. наук, литературовед |
| Даты |
1938-2016 |
| Расширение инициалов личного имени |
Олег Багратович |
| Системный номер авторитетной/нормативной записи |
198242 |
| Идентификатор авторитетной/нормативной записи |
RU\NLR\AUTH\770198293 |
| 702 #1 - ИМЯ ЛИЦА - ВТОРИЧНАЯ ОТВЕТСТВЕННОСТЬ |
| Начальный элемент ввода |
Белецкий |
| Часть имени, кроме начального элемента ввода |
Е. |
| Расширение инициалов личного имени |
Евгений |
| Код отношения |
Иллюстратор |
| 702 #1 - ИМЯ ЛИЦА - ВТОРИЧНАЯ ОТВЕТСТВЕННОСТЬ |
| Начальный элемент ввода |
Белецкий |
| Часть имени, кроме начального элемента ввода |
М. |
| Расширение инициалов личного имени |
Михаил |
| Код отношения |
Иллюстратор |
| 712 02 - НАИМЕНОВАНИЕ ОРГАНИЗАЦИИ - ВТОРИЧНАЯ ОТВЕТСТВЕННОСТЬ |
| Код отношения |
Прочие |
| Начальный элемент ввода |
Абхазский государственный университет |
| Идентифицирующий признак |
Сухум |
| Идентификатор авторитетной/нормативной записи |
RU\NLR\AUTH\889917760 |
| Системный номер авторитетной/нормативной записи |
331659 |
| 852 ## - МЕСТОНАХОЖДЕНИЕ И ШИФР ХРАНЕНИЯ |
| Идентификатор организации |
NLR |
| Наименование фонда или коллекции (Sub-Location Identifier) |
ОНЛ |
| Шифр хранения (Call Number) |
Абхаз./2-1333 |
| 942 ## - ДОПОЛНИТЕЛЬНЫЕ ЭЛЕМЕНТЫ ЗАПИСИ (АБИС) |
| Тип экземпляра АБИС |
Книга |
| 980 ## - КОЛЛЕКЦИЯ |
| Название коллекции |
Национальная библиография |